| 000 | 00426nam a2200145Ia 4500 | ||
|---|---|---|---|
| 008 | 220216s9999 xx 000 0 und d | ||
| 100 | _aPipe N D | ||
| 245 | 0 | _aMolecular relationships between Ophiostoma ulmi and the NAN and EAN races of O. novo-ulmi determined by RAPD markers | |
| 260 |
_bMycological Research _c1995 |
||
| 300 | _a653-658 | ||
| 650 | _aRAPD | ||
| 700 | _aBrasier C M | ||
| 700 | _aBuck K W | ||
| 942 | _cJS | ||
| 999 |
_c63216 _d63216 |
||